Разработка методов и средств повышения надежности и эффективности эксплуатации электроэнергетических объектов и систем; Известия Томского политехнического университета [Известия ТПУ]; Т. 303, вып. 1

Библиографические подробности
Источник:Известия Томского политехнического университета [Известия ТПУ]/ Томский политехнический университет (ТПУ).— , 2000-
Т. 303, вып. 1.— 2000.— [С. 270-285]
Другие авторы: Литвак В. В. Валерий Владимирович, Вайнштейн Р. А. Роберт Александрович, Хрущёв Ю. В. Юрий Васильевич, Готман В. И. Владимир Иванович, Важов В. Ф. Владислав Фёдорович, Гусев А. С. Александр Сергеевич, Лукутин Б. В. Борис Владимирович, Купцов А. М. Анатолий Михайлович
Примечания:Заглавие с титульного листа
Электронная версия печатной публикации
Традиционные направления научных исследований старой энергетической школы под влиянием проблем энергетики, вызванных новыми экономическими отношениями в стране, приобретают новое звучание. На факультете автоматики и электроэнергетики ТПУ в настоящее время исследовательские работы проводятся по ши­рокому кругу вопросов, актуальность которых подтверждается поддержкой промышленности, многочисленными выступлениями на конференциях, совещаниях, симпозиумах, включая международные. Представленный здесь обзор научно-исследовательских работ, проводимых учеными факультета в течение последних 4-6 лет, дает определенное понимание современных проблем энергетики, на решение которых направлены наши усилия.
Язык:русский
Опубликовано: 2000
Предметы:
Online-ссылка:http://www.lib.tpu.ru/fulltext/v/Bulletin_TPU/2000/v303/i1/27.pdf
Формат: MixedMaterials Электронный ресурс Статья
Запись в KOHA:https://koha.lib.tpu.ru/cgi-bin/koha/opac-detail.pl?biblionumber=162557

MARC

LEADER 00000nla2a2200000 4500
001 162557
005 20231218163032.0
035 |a (RuTPU)RU\TPU\book\176304 
035 |a RU\TPU\book\176294 
090 |a 162557 
100 |a 20090623d2000 k y0rusy50 ca 
101 0 |a rus 
102 |a RU 
135 |a drnn ---uucaa 
181 0 |a i  
182 0 |a b 
200 1 |a Разработка методов и средств повышения надежности и эффективности эксплуатации электроэнергетических объектов и систем  |f В. В. Литвак [и др.] 
203 |a Текст  |c электронный 
215 |a 1 файл (2.3 Мб) 
300 |a Заглавие с титульного листа 
300 |a Электронная версия печатной публикации 
330 |a Традиционные направления научных исследований старой энергетической школы под влиянием проблем энергетики, вызванных новыми экономическими отношениями в стране, приобретают новое звучание. На факультете автоматики и электроэнергетики ТПУ в настоящее время исследовательские работы проводятся по ши­рокому кругу вопросов, актуальность которых подтверждается поддержкой промышленности, многочисленными выступлениями на конференциях, совещаниях, симпозиумах, включая международные. Представленный здесь обзор научно-исследовательских работ, проводимых учеными факультета в течение последних 4-6 лет, дает определенное понимание современных проблем энергетики, на решение которых направлены наши усилия. 
337 |a Adobe Reader 
461 1 |0 (RuTPU)RU\TPU\book\176237  |t Известия Томского политехнического университета [Известия ТПУ]  |f Томский политехнический университет (ТПУ)  |d 2000- 
463 1 |0 (RuTPU)RU\TPU\book\176238  |t Т. 303, вып. 1  |o тематический выпуск  |f под ред. Ю. П. Похолкова, В. Я. Ушакова  |v [С. 270-285]  |d 2000  |p 324 с. 
610 1 |a электроэнергетические объекты 
610 1 |a электроэнергетические системы 
610 1 |a эксплуатация 
610 1 |a эффективность 
610 1 |a надежность 
610 1 |a средства 
610 1 |a методы 
610 1 |a обзоры 
610 1 |a труды учёных ТПУ 
610 1 |a электронный ресурс 
701 1 |a Литвак  |b В. В.  |c специалист в области теплоэнергетики  |c профессор Томского политехнического университета, доктор технических наук  |f 1940-  |g Валерий Владимирович  |3 (RuTPU)RU\TPU\pers\25676  |9 11587 
701 1 |a Вайнштейн  |b Р. А.  |c специалист в области электроэнергетики  |c профессор Томского политехнического университета, доктор технических наук  |f 1937-  |g Роберт Александрович  |3 (RuTPU)RU\TPU\pers\26489  |9 12191 
701 1 |a Хрущёв  |b Ю. В.  |c специалист в области электроэнергетики  |c профессор Томского политехнического университета, доктор технических наук  |f 1942-  |g Юрий Васильевич  |3 (RuTPU)RU\TPU\pers\26724  |9 12382 
701 1 |a Готман  |b В. И.  |c специалист в области электротехники  |c доцент Томского политехнического университета, кандидат технических наук  |f 1941-  |g Владимир Иванович  |3 (RuTPU)RU\TPU\pers\25183  |9 11263 
701 1 |a Важов  |b В. Ф.  |c специалист в области энергетики  |c профессор Томского политехнического университета, доктор наук  |f 1939-  |g Владислав Фёдорович  |3 (RuTPU)RU\TPU\pers\26506  |9 12208 
701 1 |a Гусев  |b А. С.  |c специалист в области электроэнергетики  |c профессор Томского политехнического университета, доктор технических наук  |f 1947-  |g Александр Сергеевич  |3 (RuTPU)RU\TPU\pers\26725  |9 12383 
701 1 |a Лукутин  |b Б. В.  |c специалист в области электротехники  |c профессор Томского политехнического университета, доктор технических наук  |f 1948-  |g Борис Владимирович  |3 (RuTPU)RU\TPU\pers\21974  |9 9293 
701 1 |a Купцов  |b А. М.  |c специалист в области электротехники  |c доцент Томского политехнического университета, кандидат технических наук  |f 1940-  |g Анатолий Михайлович  |3 (RuTPU)RU\TPU\pers\27986  |9 12976 
801 1 |a RU  |b 63413507  |c 20090623  |g PSBO 
801 2 |a RU  |b 63413507  |c 20210318  |g PSBO 
856 4 |u http://www.lib.tpu.ru/fulltext/v/Bulletin_TPU/2000/v303/i1/27.pdf 
942 |c CF